[Event "7th Governor's Cup"]
[Site "Sioux Falls USA"]
[Date "2002.10.12"]
[Round "3"]
[White "Wojtkiewicz,A"]
[Black "Wall,B"]
[Result "1-0"]
[WhiteElo "2567"]
[BlackElo "2220"]

1.Nf3 Nc6 2.d4 d5 3.g3 Bg4 4.Bg2 Qd7 5.h3 Bh5 6.Nbd2 O-O-O 7.c3 Kb8 8.b4 Ka8
9.b5 Nb8 10.a4 e6 11.O-O c5 12.Ne5 Qe8 13.dxc5 Bxc5 14.Nd3 Be7 15.c4 Nf6
16.Bb2 Bg6 17.cxd5 Bxd3 18.exd3 exd5 19.Re1 Qd7 20.Nf3 Bd6 21.Qb3 Rhe8 22.Rxe8 Qxe8
23.a5 Nbd7 24.a6 b6 25.Nd4 Nc5 26.Bxd5+ Kb8 27.Qc4 Rc8 28.Nc6+ Rxc6 29.Bxc6 Qe2
30.Bxf6 gxf6 31.Qxf7  1-0

[Event "XV Carlos Torre"]
[Site "Merida MEX"]
[Date "2002.12.14"]
[Round "2"]
[White "Russek,G"]
[Black "Wojtkiewicz,A"]
[Result "0-1"]
[WhiteElo "2371"]
[BlackElo "2567"]

1.e4 c5 2.c3 g6 3.d4 cxd4 4.cxd4 d5 5.exd5 Nf6 6.Bb5+ Nbd7 7.Nc3 a6 8.Ba4 b5
9.Bb3 Nb6 10.Nf3 Nbxd5 11.Nxd5 Nxd5 12.Ne5 Be6 13.Qf3 Bg7 14.h4 Qd6 15.h5 Bxe5
16.dxe5 Qxe5+ 17.Kf1 O-O 18.Bh6 Qxb2 19.Re1 Rfd8 20.hxg6 hxg6 21.Qg3 Rd6
22.Qh4 Qh8 23.Bxd5 Rxd5 24.Qxe7 Re5 25.Rxe5 Qxe5 26.Kg1 Qe1+ 27.Kh2 Qxf2
28.Re1 Qf5 29.Bg5 Rc8 30.Bf6 Qh5+ 31.Kg3 Qg4+ 32.Kh2 Kh7 33.Re3 Rc2 34.Rg3 Qh5+
35.Kg1 Rc1+ 36.Kf2 Qd5 37.Rf3 Qd2+ 38.Kg3 Rc2  0-1

[Event "XV Carlos Torre"]
[Site "Merida MEX"]
[Date "2002.12.15"]
[Round "3"]
[White "Wojtkiewicz,A"]
[Black "Tyomkin,D"]
[Result "1/2-1/2"]
[WhiteElo "2567"]
[BlackElo "2492"]

1.Nf3 c5 2.e4 e6 3.c3 d5 4.exd5 Qxd5 5.d4 Nf6 6.Nbd2 cxd4 7.Nxd4 Nc6 8.Nxc6 Qxc6
9.Nf3 a6 10.Bd3 Be7 11.O-O O-O  1/2-1/2

[Event "XV Carlos Torre"]
[Site "Merida MEX"]
[Date "2002.12.19"]
[Round "7"]
[White "Wojtkiewicz,A"]
[Black "Lalic,B"]
[Result "1/2-1/2"]
[WhiteElo "2567"]
[BlackElo "2542"]

1.Nf3 Nf6 2.c4 g6 3.g3 Bg7 4.d4 d5 5.cxd5 Nxd5 6.Bg2 Nb6 7.Nc3 Nc6 8.e3 O-O
9.O-O Re8 10.d5 Na5 11.Nd4 Bd7 12.e4  1/2-1/2

[Event "XV Carlos Torre"]
[Site "Merida MEX"]
[Date "2002.12.20"]
[Round "8"]
[White "Garcia Martinez,S"]
[Black "Wojtkiewicz,A"]
[Result "1/2-1/2"]
[WhiteElo "2382"]
[BlackElo "2567"]

1.e4 c5 2.Nf3 g6 3.d4 Bg7 4.c4 Qb6 5.dxc5 Qxc5 6.Nc3 Bxc3+ 7.bxc3 d6 8.Qd4 f6
9.Be3 Nd7 10.Qd2 Qc7 11.Nd4 Ne5 12.f3  1/2-1/2

[Event "Foxwoods Open"]
[Site "Connecticut USA"]
[Date "2003.04.18"]
[Round "2"]
[White "Wojtkiewicz,A"]
[Black "Shevelev,D"]
[Result "1-0"]
[WhiteElo "2566"]
[BlackElo "2318"]

1.Nf3 g6 2.d4 Bg7 3.c4 d6 4.Nc3 Bg4 5.e3 Nc6 6.Be2 e5 7.d5 Nce7 8.e4 Bxf3
9.Bxf3 f5 10.h4 Bh6 11.h5 Kf8 12.hxg6 hxg6 13.g4 Bxc1 14.Rxh8 Bxb2 15.Kd2 Bxa1
16.Qxa1 Nc8 17.gxf5 Qg5+ 18.Ke2 Ne7 19.f6 Qxf6 20.Qh1 Qf4 21.Nb5 Rc8 22.Rh4 Qf6
23.Bg4 c6 24.Bxc8 cxb5 25.Be6 Nc6 26.dxc6 Qxe6 27.cxb7 Qxc4+ 28.Kf3 Qf7+
29.Kg3 Qxb7 30.Rh7 Ne7 31.Qf3+ Nf5+ 32.Qxf5+  1-0

[Event "Canadian Open"]
[Site "Kapuskasing CAN"]
[Date "2003.07.14"]
[Round "4"]
[White "Christiansen,L"]
[Black "Wojtkiewicz,A"]
[Result "0-1"]
[WhiteElo "2545"]
[BlackElo "2543"]

1.e4 c5 2.Nf3 d6 3.d4 cxd4 4.Nxd4 Nf6 5.Nc3 a6 6.Be3 e6 7.g4 e5 8.Nf5 g6
9.g5 gxf5 10.exf5 d5 11.Qf3 d4 12.O-O-O Qc7 13.Bxd4 exd4 14.gxf6 Nc6 15.Bc4 Kd8
16.Kb1 Bd7 17.Nd5 Qd6 18.Bb3 Rc8 19.Qh5 Qe5 20.Qxf7 Qxf5 21.Rhg1 Ne5 22.Qg8 Rxg8
23.Rxg8 Ng6 24.f4 Qe4 25.Ne7 Be6  0-1

[Event "65th NY Masters"]
[Site "New York USA"]
[Date "2003.07.22"]
[Round "2"]
[White "Van de Mortel,J"]
[Black "Wojtkiewicz,A"]
[Result "1-0"]
[WhiteElo "2400"]
[BlackElo "2543"]

1.d4 Nf6 2.Nf3 g6 3.c4 Bg7 4.Nc3 O-O 5.e4 c6 6.Bd3 d6 7.h3 e5 8.d5 Nh5 9.g3 Na6
10.Nd2 Bd7 11.Be2 Nf6 12.Nb3 cxd5 13.cxd5 Rc8 14.Be3 Rxc3 15.bxc3 Nxe4 16.Qc2 f5
17.Bxa6 bxa6 18.c4 a5 19.c5 a4 20.c6 axb3 21.axb3 Bc8 22.Rxa7 Nf6 23.Qc4 f4
24.gxf4 exf4 25.Bd4 Re8+ 26.Kd1 Bf8 27.Re1 Bxh3 28.c7 Rxe1+ 29.Kxe1 Qe7+
30.Kd2 Ne4+ 31.Kc1 Bc8 32.Ra8 Qd7 33.b4 Qh3 34.b5 Kf7 35.b6 Bh6 36.Rxc8 f3+
37.Kc2 Nd2 38.Qc6 Qxc8 39.b7 Qf5+ 40.Kc3 Qb1 41.Qd7+ Kg8 42.c8=Q+  1-0

[Event "US Open"]
[Site "Los Angeles USA"]
[Date "2003.08.11"]
[Round "8"]
[White "Andrianov,N"]
[Black "Wojtkiewicz,A"]
[Result "1/2-1/2"]
[WhiteElo "2475"]
[BlackElo "2543"]

1.d4 d5 2.Nf3 c6 3.c4 Nf6 4.cxd5 cxd5 5.Nc3 Nc6 6.Bf4 a6 7.e3 Bg4 8.Be2 e6
9.h3 Bxf3 10.Bxf3 Bd6 11.Bxd6 Qxd6 12.O-O O-O 13.Rc1 Rfc8 14.Ne2 Qb4 15.b3 Ne7
16.Qd3 Rxc1  1/2-1/2

[Event "II American Continental"]
[Site "Buenos Aires ARG"]
[Date "2003.08.17"]
[Round "1"]
[White "Huerta,R"]
[Black "Wojtkiewicz,A"]
[Result "1/2-1/2"]
[WhiteElo "2288"]
[BlackElo "2543"]

1.e4 c5 2.Ne2 Nf6 3.Nbc3 Nc6 4.g3 d5 5.exd5 Nxd5 6.Bg2 Nc7 7.d3 e5 8.f4 exf4
9.Bxf4 Be7 10.Qd2 O-O 11.O-O Be6 12.Bxc7 Qxc7 13.Nf4 Bd7 14.Nfd5 Qd8 15.Nxe7+ Qxe7
16.Rae1 Qd8 17.Nd5 Kh8 18.Kh1 Bh3 19.Bxh3 Qxd5+ 20.Bg2 Qd7 21.Bxc6 Qxc6+
22.Qg2 Qd7 23.Re2 Rae8 24.Rfe1 Rxe2 25.Qxe2 Kg8 26.Qe4 g6 27.b3 Rd8 28.a4 b6
29.Kg2 Qd6 30.Qe7 Qc6+ 31.Qe4 Qd7 32.Qe7 Qd5+ 33.Qe4 Kf8 34.Qxd5 Rxd5 35.Re4  1/2-1/2

[Event "II American Continental"]
[Site "Buenos Aires ARG"]
[Date "2003.08.19"]
[Round "3"]
[White "Wojtkiewicz,A"]
[Black "Lemos,D"]
[Result "1-0"]
[WhiteElo "2543"]
[BlackElo "2206"]

1.Nf3 Nf6 2.c4 g6 3.g3 Bg7 4.d4 O-O 5.Bg2 d6 6.O-O Nc6 7.Nc3 a6 8.b3 Rb8
9.Nd5 e5 10.dxe5 Nxd5 11.cxd5 Nxe5 12.Nd4 c5 13.dxc6 Nxc6 14.Bb2 Nxd4 15.Bxd4 Bxd4
16.Qxd4 Qe7 17.e3 Be6 18.Rfd1 Rfd8 19.Rd2 Rbc8 20.Rad1 d5 21.h4 h5 22.Bf3 Rc7
23.Qe5 f6 24.Qb2 Rcd7 25.Rd4 Kg7 26.b4 Bf7 27.Qd2 Be6 28.a4 Kh7 29.a5 Kg7
30.Rc1 Bf7 31.Rc5 Be6 32.Qc3 Bf7 33.Be2 Qe6 34.b5 axb5 35.Rxb5 Rc7 36.Qb2 Rdd7
37.Bf3 Qd6 38.Qb3 Qc6 39.Bxd5 Bxd5 40.Rbxd5 Rxd5 41.Rxd5  1-0

[Event "II American Continental"]
[Site "Buenos Aires ARG"]
[Date "2003.08.21"]
[Round "4"]
[White "Wojtkiewicz,A"]
[Black "Ripari,M"]
[Result "1-0"]
[WhiteElo "2543"]
[BlackElo "2319"]

1.Nf3 Nf6 2.c4 g6 3.g3 Bg7 4.d4 c6 5.Nc3 d5 6.Qb3 O-O 7.Bg2 a5 8.cxd5 cxd5
9.O-O Nc6 10.Rd1 Ne4 11.Bf4 Nxc3 12.bxc3 a4 13.Qa3 Bf5 14.Nd2 Qa5 15.e4 dxe4
16.Nxe4 Bg4 17.d5 Ne5 18.Qxe7 Rfe8 19.Nf6+ Bxf6 20.Qxf6 Nd7 21.Qd4 Bxd1 22.Rxd1 Qc5
23.Qd2 Rad8 24.d6 Ne5 25.Bxb7 Re6 26.Bxe5 Qxe5 27.d7 Qc7 28.Bc8 Rc6 29.Re1 Rd6
30.Re8+ Kg7 31.Qe1 R6xd7 32.Bxd7 Rxd7 33.Re4 Rd3 34.Rxa4 Qxc3 35.Re4 Qb2
36.Re2 Qd4 37.Qa5 Rd1+ 38.Kg2 Ra1 39.Qd2 Qf6 40.Qb2  1-0

[Event "II American Continental"]
[Site "Buenos Aires ARG"]
[Date "2003.08.22"]
[Round "5"]
[White "Filgueira,H"]
[Black "Wojtkiewicz,A"]
[Result "1/2-1/2"]
[WhiteElo "2376"]
[BlackElo "2543"]

1.d4 g6 2.e4 Bg7 3.Nf3 d6 4.Nc3 a6 5.a4 Nf6 6.h3 O-O 7.Be3 b6 8.Bd3 Bb7 9.O-O Nbd7
10.Qd2 e5 11.Bh6 Re8 12.Bxg7 Kxg7 13.Rfe1 exd4 14.Nxd4 c5 15.Nf3 Qe7 16.b3 Rad8  1/2-1/2

[Event "II American Continental"]
[Site "Buenos Aires ARG"]
[Date "2003.08.23"]
[Round "6"]
[White "Wojtkiewicz,A"]
[Black "De Dovitiis,A"]
[Result "1/2-1/2"]
[WhiteElo "2543"]
[BlackElo "2401"]

1.Nf3 c5 2.c4 g6 3.d4 Bg7 4.e4 cxd4 5.Nxd4 Nc6 6.Be3 Nf6 7.Nc3 O-O 8.Be2 d6
9.O-O Bd7 10.Qd2 Nxd4 11.Bxd4 Bc6 12.f3 a5 13.b3 Nd7 14.Bf2 Nc5 15.Rab1 f5
16.exf5 Rxf5 17.Rfe1 Qf8 18.Bd1 Bxc3 19.Qxc3 Ne4 20.Qe3 Nxf2 21.Qxf2 Qf6
22.Bc2 Rf4 23.Re3 Rf8 24.Rbe1 Qg5 25.Qg3 Qc5 26.Kh1 e5 27.Bxg6 hxg6 28.Qxg6+ Kh8
29.Rxe5 dxe5  1/2-1/2

[Event "II American Continental"]
[Site "Buenos Aires ARG"]
[Date "2003.08.25"]
[Round "7"]
[White "Rosito,J"]
[Black "Wojtkiewicz,A"]
[Result "1/2-1/2"]
[WhiteElo "2426"]
[BlackElo "2543"]

1.e4 c5 2.Nf3 g6 3.d4 Bg7 4.dxc5 Qa5+ 5.c3 Qxc5 6.Na3 Qa5 7.Nc4 Qd8 8.Bg5 d6
9.Ne3 Nc6 10.Nd5 h6 11.Bh4 Bg4 12.Bb5 a6 13.Ba4 b5 14.Bb3 Ne5 15.a4 g5 16.Bg3 e6
17.Ne3 Bxf3 18.gxf3 Nf6 19.axb5 axb5 20.Rxa8 Qxa8 21.Bxe5 dxe5 22.Qd6 Nd7
23.Ke2 Bf8 24.Qc7 Qb8 25.Qxb8+ Nxb8 26.Ra1 Nc6 27.Ra6 Kd7 28.Rb6 Kc7 29.Rxb5 Be7
30.Nc4 Ra8 31.h3 Ra1 32.Bd1 f6 33.Kd2 Ra2 34.Bb3 Ra1 35.Bd1 Ra2 36.Kc2 Ra1
37.Kd2 Ra2 38.Kc1 Ra1+ 39.Kd2  1/2-1/2

[Event "II American Continental"]
[Site "Buenos Aires ARG"]
[Date "2003.08.26"]
[Round "8"]
[White "Wojtkiewicz,A"]
[Black "Julia,E"]
[Result "1-0"]
[WhiteElo "2543"]
[BlackElo "2387"]

1.Nf3 f5 2.g3 g6 3.Bg2 Bg7 4.d4 d6 5.O-O Nh6 6.c4 O-O 7.Nc3 c6 8.e4 Na6 9.h3 Nc7
10.Re1 fxe4 11.Nxe4 d5 12.cxd5 Nxd5 13.Nc3 Nf5 14.g4 Nd6 15.Bg5 Bf6 16.Bh6 Bg7
17.Bxg7 Kxg7 18.Nxd5 cxd5 19.Ne5 e6 20.Qe2 Re8 21.Rac1 Bd7 22.Rc3 Bb5 23.Qe3 Rc8
24.Rxc8 Nxc8 25.b3 Re7 26.h4 Be8 27.Qf4 Nd6 28.Re3 Rc7 29.Nd3 Bf7 30.Nc5 Rc6
31.Rxe6 Nb5 32.Nxb7  1-0

[Event "II American Continental"]
[Site "Buenos Aires ARG"]
[Date "2003.08.28"]
[Round "10"]
[White "Wojtkiewicz,A"]
[Black "Campora,D"]
[Result "1-0"]
[WhiteElo "2543"]
[BlackElo "2510"]

1.Nf3 Nf6 2.c4 c5 3.Nc3 Nc6 4.d4 cxd4 5.Nxd4 g6 6.e4 d6 7.Nc2 Bg7 8.Be2 O-O
9.O-O b6 10.Bg5 Bb7 11.Qd2 Nd7 12.f3 Rc8 13.Rac1 Nc5 14.Rfd1 Qe8 15.Kh1 f5
16.exf5 gxf5 17.Bh6  1-0

[Event "Levy mem"]
[Site "Denver USA"]
[Date "2003.09.18"]
[Round "2"]
[White "Kustar,S"]
[Black "Wojtkiewicz,A"]
[Result "0-1"]
[WhiteElo "2373"]
[BlackElo "2543"]

1.Nf3 g6 2.c4 Bg7 3.Nc3 e5 4.d4 exd4 5.Nxd4 Ne7 6.Bg5 h6 7.Bh4 Nbc6 8.e3 O-O
9.Nxc6 bxc6 10.Qc2 d6 11.Bd3 Qd7 12.e4 Rb8 13.O-O c5 14.b3 Bb7 15.Rae1 Nc6
16.Nd5 Nd4 17.Qd1 Bxd5 18.exd5 Rfe8 19.Rxe8+ Rxe8 20.h3 a5 21.Re1 Be5 22.f3 h5
23.Bf2 a4 24.Bb1 axb3 25.axb3 Rb8 26.Re3 Qd8 27.g3 h4 28.f4 hxg3 29.Bxg3 Bf6
30.Kh2 Bh4 31.f5 Qg5 32.Qe1 Nxf5  0-1

[Event "75th NY Masters"]
[Site "New York USA"]
[Date "2003.09.30"]
[Round "4"]
[White "Wojtkiewicz,A"]
[Black "Privman,B"]
[Result "1-0"]
[WhiteElo "2543"]
[BlackElo "2222"]

1.Nf3 e6 2.g3 d5 3.Bg2 c6 4.O-O Nf6 5.c4 Bd6 6.d4 O-O 7.Nc3 b6 8.b3 Bb7 9.Bb2 Nbd7
10.Qc2 Rc8 11.e4 dxe4 12.Nxe4 Nxe4 13.Qxe4 Qc7 14.Rad1 Rce8 15.c5 Be7 16.b4 Nf6
17.Qc2 Nd5 18.a3 a5 19.Qd2 axb4 20.axb4 Bf6 21.Rfe1 Ra8 22.Ne5 Bxe5 23.dxe5 bxc5
24.bxc5 Ra2 25.Be4 Qa5 26.Qc1 Qb4 27.Bd4 Ba6 28.Bb1 Re2 29.Rxe2 Bxe2 30.Qc2  1-0

[Event "LA Open"]
[Site "Los Angeles USA"]
[Date "2003.10.04"]
[Round "3"]
[White "Peters,Joh"]
[Black "Wojtkiewicz,A"]
[Result "1-0"]
[WhiteElo "2420"]
[BlackElo "2571"]

1.e4 c5 2.Nf3 g6 3.d4 Bg7 4.d5 Nf6 5.Nc3 O-O 6.Be2 b5 7.e5 Ng4 8.Bf4 b4 9.Ne4 d6
10.exd6 exd6 11.h3 Nf6 12.Nxf6+ Qxf6 13.Bc1 Re8 14.O-O Ba6 15.Bxa6 Nxa6 16.Qd3 Nc7
17.a3 a5 18.Rd1 h6 19.Ra2 g5 20.Kf1 Qg6 21.Qxg6 fxg6 22.Nd2 Re5 23.axb4 cxb4
24.Nc4 Rxd5 25.Rxd5 Nxd5 26.Rxa5 Rc8 27.b3 Ne7 28.Bd2 d5 29.Ne3 Bf8 30.Ke2 Kf7
31.Ra6 Rb8 32.Ra4 d4 33.Nc4 Nd5 34.Ne5+ Ke6 35.Nc6 Rc8 36.Nxd4+ Ke5 37.Nf3+ Kf5
38.Ra6 Nf4+ 39.Bxf4 gxf4 40.Kd3 Rc3+ 41.Kd2 Bc5 42.Nh4+ Kg5 43.Nxg6 f3 44.h4+ Kf5
45.g4+ Kxg4 46.Ne5+ Kh5 47.Nd3 Bf8 48.Rf6 Be7 49.Rxf3 Bxh4 50.Rf5+ Kg4 51.Rf4+ Kh5
52.Rxb4 Rc8 53.Nf4+ Kg5 54.Ne6+ Kh5 55.Ng7+ Kg5 56.f3 Bf2 57.Rg4+ Kf6 58.Nh5+ Kf5
59.b4 Rd8+ 60.Ke2 Bd4 61.Ng3+ Kf6 62.c4 Be5 63.c5 Ra8 64.Ne4+ Kf5 65.Nd6+ Bxd6
66.cxd6 Rd8 67.Rd4 Ke5 68.Ke3 Rd7 69.b5 h5 70.b6 Ke6 71.f4 h4 72.Kf3 Kf5
73.b7  1-0

[Event "83rd NY Masters"]
[Site "New York USA"]
[Date "2003.11.25"]
[Round "4"]
[White "Wojtkiewicz,A"]
[Black "Becerra Rivero,J"]
[Result "1-0"]
[WhiteElo "2571"]
[BlackElo "2558"]

1.Nf3 Nf6 2.c4 c6 3.d4 d5 4.Qc2 e6 5.g3 b6 6.Bg2 Bb7 7.O-O Be7 8.Rd1 O-O
9.Nc3 Nbd7 10.b3 Rc8 11.e4 dxe4 12.Ng5 c5 13.dxc5 Bxc5 14.Bxe4 Qc7 15.Bxh7+ Kh8
16.Be4 Ne5 17.Bf4 Nxe4 18.Ncxe4 f5 19.Qe2 Kg8 20.Nxc5  1-0

[Event "84th NY Masters"]
[Site "New York USA"]
[Date "2003.12.02"]
[Round "3"]
[White "Becerra Rivero,J"]
[Black "Wojtkiewicz,A"]
[Result "0-1"]
[WhiteElo "2558"]
[BlackElo "2571"]

1.e4 c5 2.Nf3 d6 3.d4 cxd4 4.Nxd4 Nf6 5.Nc3 a6 6.Bg5 e6 7.f4 Qc7 8.Qf3 b5
9.O-O-O b4 10.Nce2 Nbd7 11.g4 Bb7 12.Ng3 Rc8 13.Bd3 Be7 14.Kb1 Nc5 15.Nb3 Na4
16.f5 O-O 17.Bc1 d5 18.Rhf1 dxe4 19.Nxe4 Nxe4 20.Bxe4 Bxe4 21.Qxe4 exf5 22.Rxf5 g6
23.Rfd5 Bf6 24.Rd6 Rfe8 25.Qg2 Bg7 26.Qd2 Nb6 27.Na5 Nc4 28.Nxc4 Qxc4 29.h3 a5
30.Qd3 Qc5 31.Rd5 Qb6 32.Rd7 Qc6 33.Qb3 Rf8 34.R7d6 Qg2 35.R6d2 Qe4 36.Qd3 Qc6
37.Re2 a4 38.Qe4 Qa6 39.Qd3 Qa5 40.Qd5 Rc5 41.Qd7 b3 42.cxb3 axb3 43.axb3 Rc7
44.Qa4 Qc5 45.b4 Qc4 46.Re8 Rxe8 47.Qxe8+ Bf8 48.Qa4 Qe4+ 49.Ka2 Rc8  0-1

[Event "85th NY Masters"]
[Site "New York USA"]
[Date "2003.12.16"]
[Round "3"]
[White "Golod,V"]
[Black "Wojtkiewicz,A"]
[Result "1-0"]
[WhiteElo "2544"]
[BlackElo "2571"]

1.d4 g6 2.c4 Bg7 3.Nc3 Nf6 4.e4 O-O 5.Nf3 c6 6.Bd3 d6 7.h3 e5 8.d5 Na6 9.a3 Bd7
10.b4 cxd5 11.cxd5 Rc8 12.Bd2 Nh5 13.Rc1 f5 14.O-O Nf4 15.Bxf4 exf4 16.Qd2 Qf6
17.Ne2 fxe4 18.Bxe4 g5 19.Ned4 Kh8 20.Ne6 Rxc1 21.Rxc1 Rg8 22.Nfxg5 f3 23.Nxf3 Bh6
24.Qc3 Qxc3 25.Rxc3 Re8 26.Bf5 Kg8 27.g4 Re7 28.g5 Bf8 29.Nfd4 Rf7 30.Nxf8 Bxf5
31.Nfe6  1-0

[Event "91st NY Masters"]
[Site "New York USA"]
[Date "2004.02.10"]
[Round "2"]
[White "Vovsha,E"]
[Black "Wojtkiewicz,A"]
[Result "0-1"]
[WhiteElo "2441"]
[BlackElo "2564"]

1.e4 c5 2.Nf3 g6 3.d4 Bg7 4.c3 cxd4 5.cxd4 d5 6.e5 Bg4 7.Bb5+ Nd7 8.Nbd2 e6
9.O-O Ne7 10.h3 Bxf3 11.Nxf3 a6 12.Bd3 Qb6 13.Be3 O-O 14.Qd2 Nc6 15.h4 Qb4
16.Qe2 f6 17.exf6 Nxf6 18.Ng5 Rae8 19.a3 Qd6 20.f4 Nh5 21.Qg4 Rf5 22.Qh3 Nxf4
23.Bxf4 Rxf4 24.Rxf4 Qxf4 25.Nxe6 Bxd4+ 26.Kh1 Qe5 27.Nxd4 Nxd4 28.Rf1 Qe6
29.Qg3 Qe3 30.Qc7 Qe7 31.Qf4 Ne6 32.Qg4 Ng7 33.Qd4 Qe5 34.Qf2 Nh5 35.Qf7+ Kh8
36.Rf3 Qe1+ 37.Bf1 Qxh4+ 38.Kg1 Qe7 39.Qxd5 Nf6 40.Qd4 Kg7 41.b4 Qe5 42.Qd2 Re7
43.Kh1 h5 44.Qd8 Ng4 45.Qf8+ Kh7 46.Rf7+ Rxf7 47.Qxf7+ Kh6 48.Qf8+ Kg5 49.Qd8+ Qf6
50.Qd2+ Qf4 51.Qd8+ Nf6 52.Bd3 Qd2 53.Kh2 h4 54.Kg1 Qe1+ 55.Kh2 Qg3+ 56.Kh1 Qe1+
57.Kh2 Qd1 58.a4 Qd2 59.b5 axb5 60.axb5 b6 61.Kh1 Qe1+ 62.Kh2 Qd1 63.g3 h3
64.g4 Qf3  0-1

[Event "94th NY Masters"]
[Site "New York USA"]
[Date "2004.03.09"]
[Round "3"]
[White "Kacheishvili,G"]
[Black "Wojtkiewicz,A"]
[Result "1/2-1/2"]
[WhiteElo "2598"]
[BlackElo "2564"]

1.d4 g6 2.Nf3 Bg7 3.e4 c5 4.d5 Nf6 5.Nc3 O-O 6.Be2 b5 7.e5 Ng4 8.Bf4 b4 9.Ne4 d6
10.exd6 exd6 11.O-O Nf6 12.Nfd2 Ba6 13.Re1 Nxd5 14.Bxd6 Re8 15.Bxa6 Nxa6
16.Nc4 Nb6 17.Qd3 Qd7 18.Rad1 Qb5 19.b3 Rad8 20.Qf3 Nxc4 21.bxc4 Qb6 22.Nf6+ Bxf6
23.Rxe8+ Rxe8 24.Qxf6 Nb8 25.h4 Nd7 26.Qf3 Qa6 27.Bg3 Ne5 28.Qe3 Qe6 29.Qxc5 Qxc4
30.Rd5 Qxc5 31.Rxc5 Ng4 32.f3 Ne3 33.Bf2 Re7 34.g4 f5 35.g5 f4 36.c3 bxc3
37.Rxc3 h6 38.Rc8+ Kh7 39.Rf8 hxg5 40.hxg5 Rc7  1/2-1/2

[Event "Dos Hermanas Internet Final"]
[Site "ICC INT"]
[Date "2004.03.13"]
[Round "2.1"]
[White "Zhang Zhong"]
[Black "Wojtkiewicz,A"]
[Result "1-0"]
[WhiteElo "2639"]
[BlackElo "2564"]

1.d4 Nf6 2.c4 g6 3.Nc3 Bg7 4.e4 O-O 5.f3 d6 6.Nge2 c5 7.d5 e6 8.Ng3 exd5
9.cxd5 Re8 10.Be2 Qa5 11.O-O a6 12.Bd2 Nbd7 13.a4 Qc7 14.Be3 Rb8 15.Qd2 Qa5
16.Nh1 Ne5 17.Nf2 Qb4 18.Qc2 b5 19.axb5 axb5 20.Bd2 c4 21.Na4 Qb3 22.Qxb3 cxb3
23.Nc3 Nc4 24.Bxc4 bxc4 25.Ra4 Nd7 26.Rc1 Nb6 27.Raa1 Bd4 28.Nd1 f5 29.Be3 Bg7
30.Bxb6 Rxb6 31.Rxc4 fxe4 32.Ra8 Bd7 33.Rxe8+ Bxe8 34.Nxe4 Be5 35.f4 Bg7
36.Ng5 Bd7 37.Kf2 Rb5 38.Rc7 Bd4+ 39.Kf3 Bf5 40.g4 Bc2 41.Rc8+ Kg7 42.Ne6+ Kf7
43.Rc7+ Ke8 44.Nxd4 Rxd5 45.Nxc2 Rxd1 46.Na3 Rd2 47.Nc4 Rxh2 48.Ke4 Kd8 49.Rb7 Re2+
50.Kd5 Rf2 51.Kxd6 Ke8 52.Ne5  1-0

[Event "97th NY Masters"]
[Site "New York USA"]
[Date "2004.03.30"]
[Round "2"]
[White "Lapshun,Y"]
[Black "Wojtkiewicz,A"]
[Result "0-1"]
[WhiteElo "2450"]
[BlackElo "2564"]

1.d4 Nf6 2.Nf3 g6 3.g3 c5 4.c3 Qc7 5.Bg2 Bg7 6.O-O O-O 7.Na3 a6 8.Bf4 d6
9.Nc2 Nbd7 10.Re1 b5 11.e4 e5 12.Bg5 Bb7 13.d5 h6 14.Bxf6 Nxf6 15.b3 c4 16.b4 Nd7
17.a4 Nb6 18.axb5 axb5 19.Qd2 Qd7 20.Rxa8 Rxa8 21.Ra1 Na4 22.Ne3 h5 23.Ng5 Bh6
24.h4 Qe7 25.Nf3 Qd8 26.Bh3 Nb6 27.Qe1 Ra4 28.Kh2 Qa8 29.Rxa4 bxa4 30.Bf1 Bxe3
31.fxe3 a3 32.Qa1 Qa4 33.Kg1 a2  0-1

[Event "V Millennium Festival"]
[Site "Virginia Beach USA"]
[Date "2004.04.04"]
[Round "4"]
[White "Wojtkiewicz,A"]
[Black "Ibragimov,I"]
[Result "1/2-1/2"]
[WhiteElo "2564"]
[BlackElo "2573"]

1.Nf3 Nf6 2.c4 c6 3.d4 d5 4.cxd5 cxd5 5.Nc3 a6 6.Bf4 e6 7.e3 Be7 8.Bd3 O-O
9.O-O b5 10.Rc1 Bb7 11.Ne5  1/2-1/2

[Event "6th Foxwoods Open"]
[Site "Connecticut USA"]
[Date "2004.04.08"]
[Round "3"]
[White "Wojtkiewicz,A"]
[Black "Dougherty,M"]
[Result "1-0"]
[WhiteElo "2559"]
[BlackElo "2213"]

1.Nf3 Nf6 2.c4 c5 3.Nc3 e6 4.g3 Nc6 5.Bg2 d5 6.cxd5 Nxd5 7.O-O Be7 8.d4 O-O
9.e4 Ndb4 10.dxc5 Bxc5 11.e5 b6 12.a3 Nd3 13.Bg5 Qd7 14.b4 h6 15.bxc5 hxg5
16.Nxg5 Bb7 17.Qh5 Rfd8 18.Nd5 exd5 19.e6  1-0

[Event "6th Foxwoods Open"]
[Site "Connecticut USA"]
[Date "2004.04.10"]
[Round "7"]
[White "Ibragimov,I"]
[Black "Wojtkiewicz,A"]
[Result "1-0"]
[WhiteElo "2556"]
[BlackElo "2559"]

1.d4 d5 2.c4 c6 3.Nc3 Nf6 4.Nf3 dxc4 5.a4 Bf5 6.Nh4 Bc8 7.e3 e5 8.Bxc4 exd4
9.exd4 Be7 10.O-O O-O 11.Re1 Na6 12.Nf3 Bg4 13.h3 Bxf3 14.Qxf3 Nb4 15.Bb3 Re8
16.Bg5 Qd7 17.Bxf6 Bxf6 18.Ne4 Qd8 19.Re3 Nd5 20.Bxd5 cxd5 21.Nxf6+ Qxf6
22.Qxd5 Red8 23.Qxb7 Qxd4 24.Rf3 Rf8 25.Qb3 Rab8 26.Qc3 Qxc3 27.bxc3 Rfc8
28.Rd1 Rc7 29.Rd5 Rb1+ 30.Kh2 g6 31.g4 Kg7 32.Ra5 Rb6 33.c4 Rb2 34.Kg3 Rc2
35.Rf4 h6 36.h4 Rc3+ 37.f3 Rd7 38.Rb5 Rc7 39.a5 Ra3 40.g5 a6 41.Rd5 Ra4 42.Rf6 Raxc4
43.Rxa6 R7c5 44.Rad6 Rxd5 45.Rxd5 Ra4 46.f4 Ra1 47.Kf2 Ra4 48.Ke3 hxg5 49.hxg5 f6
50.Rd7+ Kf8 51.Ra7 fxg5 52.fxg5 Ke8 53.a6 Kd8 54.Ra8+ Kc7 55.a7 Kb7 56.Rg8 Kxa7
57.Rxg6 Kb7 58.Re6 Rg4 59.Re5 Kc7 60.Kf3 Ra4 61.Re4 Ra6 62.Kg4 Kd7 63.Kh5 Rb6
64.g6  1-0

[Event "6th Foxwoods Open"]
[Site "Connecticut USA"]
[Date "2004.04.11"]
[Round "9"]
[White "Wojtkiewicz,A"]
[Black "Gonzalez,Ren"]
[Result "0-1"]
[WhiteElo "2559"]
[BlackElo "2419"]

1.Nf3 d5 2.d4 c6 3.c4 dxc4 4.e3 Bg4 5.Bxc4 e6 6.h3 Bh5 7.Nc3 Nd7 8.e4 Ngf6
9.Be3 Be7 10.a3 a5 11.O-O O-O 12.Re1 Rc8 13.Qe2 Re8 14.Bd3 Bxf3 15.Qxf3 e5
16.d5 Bc5 17.dxc6 bxc6 18.Bg5 h6 19.Bd2 Bd4 20.Rad1 Rb8 21.Bc1 Bxc3 22.bxc3 Qe7
23.a4 Nf8 24.Bc4 Red8 25.Rxd8 Rxd8 26.Qg3 Kh8 27.Qe3 Rb8 28.Qe2 Kg8 29.Qa2 Ng6
30.g3 Rb7 31.Kg2 Kh7 32.Ba3 Qd7 33.Qe2 Qe8 34.Rd1 Rd7 35.Rxd7 Qxd7 36.Bc5 Kg8
37.f3 Nh5 38.Be3 Ne7 39.Qd3 Qc7 40.Bc5 Nc8 41.h4 Nf6 42.Kf2 Nd7 43.Be3 Nd6
44.Bb3 Qb8 45.Qc2 Kf8 46.Qa2 Qc7 47.Qa3 Ke8 48.Ke1 Nb7 49.Ba2 Nd8 50.Bc4 Nb6  0-1

[Event "100th NY Masters"]
[Site "New York USA"]
[Date "2004.05.04"]
[Round "1"]
[White "Caruana,F"]
[Black "Wojtkiewicz,A"]
[Result "0-1"]
[WhiteElo "2140"]
[BlackElo "2559"]

1.e4 c5 2.Nf3 g6 3.d4 Bg7 4.dxc5 Qa5+ 5.Bd2 Qxc5 6.Bc3 Nf6 7.Bd3 O-O 8.O-O Nc6
9.Nbd2 d6 10.Nb3 Qb6 11.Qd2 a5 12.Nbd4 Bg4 13.h3 Bxf3 14.Nxf3 Rfd8 15.Rfe1 a4
16.Rad1 Nd7 17.Bxg7 Kxg7 18.Qc3+ f6 19.Bc4 Qa5 20.Qe3 Qc5 21.Qxc5 Nxc5 22.Bd5 Rdc8
23.Rd2 Rab8 24.a3 b5 25.Nd4 Nxd4 26.Rxd4 Rc7 27.Re3 Nd7 28.c3 Nc5 29.f4 Rb6
30.Kf2 Kf8 31.g4 e6 32.Ba2 Ke7 33.Kf3 Rc8 34.Re2 Rf8 35.f5 e5 36.Rdd2 Rb7
37.Bd5 Rc7 38.Rd1 Kd8 39.Red2 Ke7 40.Rf1 Nd7 41.Rfd1 Nb6 42.Ba2 Rc6 43.Ke3 Rb8
44.Kf3 Nc4 45.Bxc4 bxc4 46.Ke3 Rb5 47.Kf3 Rcb6 48.Rb1 Rb3 49.Rdd1 Rxb2 50.Rbc1 Rh2
51.Kg3 Rbb2 52.Rd5 Rhc2 53.Ra5 Rxc1  0-1

[Event "101st NY Masters"]
[Site "New York USA"]
[Date "2004.05.11"]
[Round "2"]
[White "Skripchenko,A"]
[Black "Wojtkiewicz,A"]
[Result "0-1"]
[WhiteElo "2456"]
[BlackElo "2559"]

1.e4 c5 2.Nf3 g6 3.h4 Bg7 4.h5 d6 5.Bc4 Nc6 6.d3 Nf6 7.h6 Bf8 8.Bg5 e6 9.e5 dxe5
10.Bb5 Qa5+ 11.Nc3 Nd7 12.Bxc6 bxc6 13.Nxe5 c4 14.Nf3 cxd3 15.Qxd3 f6 16.Bd2 Be7
17.Qe2 e5 18.Ne4 Qd5 19.c4 Qf7 20.Bc3 O-O 21.O-O-O Nb6 22.b3 Bg4 23.Rd2 a5
24.Qe3 Rfb8 25.Nc5 Bxf3 26.gxf3 Nxc4 27.bxc4 Qxc4 28.Ne4 Ba3+ 29.Kc2 Rb2+
30.Kd1 Rb1+ 31.Kc2 Qxa2+ 32.Kd3 Rd8+ 33.Ke2 Qc4+ 34.Rd3 Rxd3 35.Nxf6+ Kf7
36.Qa7+ Rd7+  0-1

[Event "Chicago Open"]
[Site "Chicago USA"]
[Date "2004.05.30"]
[Round "5"]
[White "Fishbein,A"]
[Black "Wojtkiewicz,A"]
[Result "1/2-1/2"]
[WhiteElo "2500"]
[BlackElo "2559"]

1.e4 c5 2.Nf3 g6 3.d4 Bg7 4.Nc3 cxd4 5.Nxd4 Nc6 6.Nb3 Nf6 7.Be2 O-O 8.O-O a6
9.Be3 d6 10.Qd2 b5 11.f3 Bb7 12.a4 b4 13.Nd5 Nd7 14.Nxb4 Bxb2 15.Nxc6 Bxc6
16.Nd4 Qc7 17.Ra2 Bxd4 18.Qxd4 Rfc8 19.Rd1 Nc5 20.h4 Bd7 21.h5 Be6 22.Raa1 Nd7
23.Bd3 Qc5 24.hxg6 hxg6 25.Rdb1 f6 26.Rb4 Kf7 27.Qxc5 Nxc5 28.Bxc5 Rxc5  1/2-1/2

[Event "CCA/ICC"]
[Site "Stratton Mt USA"]
[Date "2004.06.08"]
[Round "1"]
[White "Wojtkiewicz,A"]
[Black "Lawson,E"]
[Result "1/2-1/2"]
[WhiteElo "2559"]
[BlackElo "2276"]

1.Nf3 Nf6 2.c4 b6 3.g3 Bb7 4.Bg2 e6 5.O-O c5 6.Nc3 Be7 7.Re1 O-O 8.e4 d6
9.d4 cxd4 10.Nxd4 Qc7 11.Ndb5 Qc6 12.Bf4 Rd8 13.Qe2 Nbd7 14.Nd5 Bf8 15.e5 exd5
16.exf6 Nxf6 17.Qd3 Qd7 18.cxd5 h6 19.Qb3 Re8 20.Rxe8 Nxe8 21.a4 Nc7 22.Nd4 Na6
23.Qb5 Qxb5 24.Nxb5 Nb4 25.Rd1 Ba6 26.Rd4 Bxb5 27.axb5 a5 28.bxa6 Nxa6 29.h4 Be7
30.b4 b5 31.Bh3 Rd8 32.Bd2 Bf6 33.Rd3 Nc7 34.h5 Kf8 35.Kf1 Ke7 36.Bf5 Ra8
37.f4 Bb2 38.Re3+ Kd8 39.Rb3 Bd4 40.Ke2 Ra2 41.Rd3 Bb2 42.Kf3 Ra3 43.Rxa3 Bxa3  1/2-1/2